Подробности
| 000 -МАРКЕР |
| контрольное поле |
02263nam0a2200361 4500 |
| 001 - ИДЕНТИФИКАТОР ЗАПИСИ |
| контрольное поле |
RU\NLR\bibl\1401437 |
| 005 - ИДЕНТИФИКАТОР ВЕРСИИ |
| контрольное поле |
20260407085239.0 |
| 010 ## - МЕЖДУНАРОДНЫЙ СТАНДАРТНЫЙ НОМЕР КНИГИ (ISBN) |
| Номер (ISBN) |
978-5-261-00376-0 |
| Тираж |
500 |
| 021 ## - НОМЕР ГОСУДАРСТВЕННОЙ РЕГИСТРАЦИИ |
| Код страны |
Российская Федерация |
| Номер |
2009-45466 |
| Номер Листа государственной регистраци |
2766 |
| 035 ## - ДРУГИЕ СИСТЕМНЫЕ НОМЕРА |
| Идентификатор записи |
(NLR Aleph) 001393442 |
| 100 ## - ДАННЫЕ ОБЩЕЙ ОБРАБОТКИ |
| Данные общей обработки |
20090814d2008 |||y0rusy50 ca |
| 101 0# - ЯЗЫК РЕСУРСА |
| Язык текста, звукозаписи и т.д. |
русский |
| 102 ## - СТРАНА ПУБЛИКАЦИИ ИЛИ ПРОИЗВОДСТВА |
| Страна публикации |
Российская Федерация |
| 105 ## - ПОЛЕ КОДИРОВАННЫХ ДАННЫХ: ТЕКСТОВЫЕ МАТЕРИАЛЫ, МОНОГРАФИЧЕСКИЕ |
| Кодированные данные о монографическом текстовом документе |
a ||||||||| |
| 200 1# - ЗАГЛАВИЕ И СВЕДЕНИЯ ОБ ОТВЕТСТВЕННОСТИ |
| Основное заглавие |
Оксредметрия в химии древесины |
| Сведения, относящиеся к заглавию |
(теория и практика) |
| -- |
монография |
| Первые сведения об ответственности |
[А.М. Айзенштадт, д.х.н., проф., М.В. Богданов, к.х.н., доц., К.Г. Боголицын, д.х.н., проф., О.С. Бровко, к.х.н., доц.] |
| Последующие сведения об ответственности |
Федер. агентство по образованию, Архангел. гос. техн. ун-т, Ин-т экол. проблем Севера УрО РАН |
| 210 ## - ПУБЛИКАЦИЯ, РАСПРОСТРАНЕНИЕ И ДР. |
| Место издания, распространения и т.д. |
Архангельск |
| Имя издателя, распространителя и т. д. |
Изд-во АГТУ |
| Дата издания, распространения и т.д. |
2008 |
| 215 ## - ФИЗИЧЕСКАЯ ХАРАКТЕРИСТИКА |
| Специфическое обозначение материала и объем |
277 с. |
| Другие сведения о физической характеристике |
ил. |
| Размеры |
21 |
| 300 ## - ОБЩИЕ ПРИМЕЧАНИЯ |
| Текст примечания |
Авт. указаны на обороте тит. л. |
| 313 ## - ПРИМЕЧАНИЯ, ОТНОСЯЩИЕСЯ К ТЕМАТИЧЕСКОМУ ДОСТУПУ |
| Текст примечания |
лесохимические пр-ва. Метод потенциометриии, основанный на измерении окислительного потенциала |
| 320 ## - ПРИМЕЧАНИЯ О НАЛИЧИИ В ДОКУМЕНТЕ БИБЛИОГРАФИИ / УКАЗАТЕЛЯ |
| Текст примечания |
Библиогр.: с. 254-274 (278 назв.) |
| 606 1# - НАИМЕНОВАНИЕ ТЕМЫ КАК ПРЕДМЕТ |
| Наименование темы |
Оксидиметрия |
| Тематический подзаголовок |
Применение в лесохимических производствах |
| Системный номер авторитетной/нормативной записи |
2565225 |
| Идентификатор авторитетной/нормативной записи |
RU\NLR\auth\661517208 |
| 686 ## - ИНДЕКСЫ ДРУГИХ КЛАССИФИКАЦИЙ |
| Индекс |
Л76-1с444.2 |
| 701 #1 - ИМЯ ЛИЦА - АЛЬТЕРНАТИВНАЯ ОТВЕТСТВЕННОСТЬ |
| Код отношения |
Автор |
| Графика поля |
Кириллица |
| Материалы, к которым относится поле |
rus |
| Начальный элемент ввода |
Айзенштадт |
| Часть имени, кроме начального элемента ввода |
А. М. |
| Даты |
1954- |
| Расширение инициалов личного имени |
Аркадий Михайлович |
| Системный номер авторитетной/нормативной записи |
186350 |
| Идентификатор авторитетной/нормативной записи |
RU\NLR\AUTH\770186401 |
| 701 #1 - ИМЯ ЛИЦА - АЛЬТЕРНАТИВНАЯ ОТВЕТСТВЕННОСТЬ |
| Код отношения |
Автор |
| Материалы, к которым относится поле |
rus |
| Графика поля |
Кириллица |
| Начальный элемент ввода |
Богданов |
| Часть имени, кроме начального элемента ввода |
М. В. |
| Дополнения к именам, кроме дат |
канд. хим. наук |
| Даты |
1940- |
| Расширение инициалов личного имени |
Михаил Владиславович |
| Идентификатор авторитетной/нормативной записи |
RU\NLR\auth\7772425 |
| Системный номер авторитетной/нормативной записи |
55353 |
| 701 #1 - ИМЯ ЛИЦА - АЛЬТЕРНАТИВНАЯ ОТВЕТСТВЕННОСТЬ |
| Код отношения |
Автор |
| Материалы, к которым относится поле |
rus |
| Графика поля |
Кириллица |
| Начальный элемент ввода |
Боголицын |
| Часть имени, кроме начального элемента ввода |
К. Г. |
| Даты |
1949- |
| Расширение инициалов личного имени |
Константин Григорьевич |
| Идентификатор авторитетной/нормативной записи |
RU\NLR\auth\7772424 |
| Системный номер авторитетной/нормативной записи |
55352 |
| 701 #1 - ИМЯ ЛИЦА - АЛЬТЕРНАТИВНАЯ ОТВЕТСТВЕННОСТЬ |
| Начальный элемент ввода |
Бровко |
| Часть имени, кроме начального элемента ввода |
О. С. |
| Расширение инициалов личного имени |
Ольга Степановна |
| Код отношения |
Автор |
| 712 02 - НАИМЕНОВАНИЕ ОРГАНИЗАЦИИ - ВТОРИЧНАЯ ОТВЕТСТВЕННОСТЬ |
| Код отношения |
Прочие |
| Начальный элемент ввода |
Архангельский государственный технический университет |
| Идентификатор авторитетной/нормативной записи |
RU\NLR\AUTH\8813218 |
| Системный номер авторитетной/нормативной записи |
299459 |
| 801 #0 - ИСТОЧНИК ЗАПИСИ |
| Страна |
Российская Федерация |
| Организация |
NLR |
| Дата составления |
20090814 |
| Правила каталогизации |
RCR |
| 801 #1 - ИСТОЧНИК ЗАПИСИ |
| Страна |
Российская Федерация |
| Организация |
NLR |
| Дата составления |
20090814 |
| 942 ## - ДОПОЛНИТЕЛЬНЫЕ ЭЛЕМЕНТЫ ЗАПИСИ (АБИС) |
| Тип экземпляра АБИС |
Книга |
| 980 ## - КОЛЛЕКЦИЯ |
| Название коллекции |
Национальная библиография |